Jeux Vidéos - Personnages masculins - Statistiques

Statistiques générales
  • Ce quiz a été pris 11 fois
  • Le résultat moyen est 4 sur 13
Statistiques - réponses
Par images Réponse % Correct
Geralt de Riv
64%
Joel Miller
64%
Cloud Strife
55%
Connor
55%
Leon Scott Kennedy
55%
Sora
45%
John Marston
27%
Chris Redfield
9%
James Sunderland
9%
Josh Washington
9%
Lucas
9%
Markus
9%
Warren Graham
9%
Aucun quiz correspondant
Distribution des résultats
% des personnes avec chaque résultat
Percentile par nombre de réponses
Votre historique - résultats
Vous n’avez pas pris ce quiz